| 000 | 00366 a2200097 4500 | ||
|---|---|---|---|
| 020 | _a9211335833 | ||
| 082 | _a346.023 UNC | ||
| 245 |
_aUNCITRAL Model Legislative Provisions on Privately Financed Infrastructure Projects _cUnited Nations Commission on International Trade Law |
||
| 260 |
_aNew York : _bUnited Nations _c2004 |
||
| 300 |
_axi, 31p. : _bill. ; _c30 cm |
||
| 650 | _aInfrastructure Projects | ||
| 999 |
_c2146 _d2146 |
||